| 000 | 00000nam 2200000za 4500 |
| 001 | 9.855835 |
| 003 | CaOODSP |
| 005 | 20221107155409 |
| 007 | cr ||||||||||| |
| 008 | 180426s1985 onc #os|||f|0| 0|fre d |
| 020 | |z0-660-52869-X |
| 040 | |aCaOODSP|bfre |
| 041 | |afre|aeng |
| 043 | |an-cn--- |
| 086 | 1 |aCS65-503/1985-PDF |
| 245 | 00|aCanadian international trading patterns |h[ressource électronique] = |bProfil du commerce international canadien. |
| 246 | 11|aProfil du commerce international canadien |
| 260 | |aOttawa : |bStatistique Canada, Division du commerce international, |c1985. |
| 300 | |aii, 76 p. : |bgraphiques. |
| 500 | |aÉdition numérisée de l'imprimé [par Statistique Canada]. |
| 504 | |aComprend des références bibliographiques. |
| 520 | |a« Le but de cette publication est de se renseigner rapidement et précisément sur la position du Canada dans le commerce international au moyen de graphiques »--Avant-propos. |
| 546 | |aTexte en français et en anglais. |
| 692 | 07|2gccst|aCommerce extérieur |
| 710 | 1 |aCanada.|bStatistique Canada.|bDivision du commerce international. |
| 791 | |tCanadian international trading patterns |eeng|w(CaOODSP)9.855827 |
| 856 | 40|qPDF|s15.24 Mo|uhttps://publications.gc.ca/collections/collection_2018/statcan/CS65-503-1985.pdf |
| 986 | |a65-503 |